[Event "TCh-CZE Liga1 Vychod"]
[Site "Czech Rep CZE"]
[Date "2012.01.29"]
[Round "7"]
[White "Olsarova,K"]
[Black "Hudecek,J"]
[Result "1-0"]
[WhiteTitle "WIM"]
[WhiteElo "2176"]
[BlackElo "2238"]
[WhiteTeam "Slavia Orlova"]
[BlackTeam "SK Stare Mesto"]
[WhiteFideId "320242"]
[BlackFideId "302023"]
[EventDate "2011.10.02"]

1. e4 Nf6 2. e5 Nd5 3. d4 d6 4. c4 Nb6 5. exd6 cxd6 6. Nc3 g6 7. Be3 Bg7 8. Rc1
O-O 9. b3 e5 10. dxe5 dxe5 11. Qxd8 Rxd8 12. c5 N6d7 13. Bc4 Nc6 14. Nf3 h6 15.
Nb5 e4 16. Nd2 Nde5 17. Nxe4 Be6 18. O-O Nxc4 19. bxc4 Rd7 20. Ned6 Nb4 21. a3
Nd3 22. Rb1 a6 23. Nd4 Nxc5 24. Nxe6 Nxe6 25. Nxb7 Rc7 26. Rfc1 Bf8 27. a4 Ba3
28. Rc3 Rb8 29. Rxa3 Rbxb7 30. Rxb7 Rxb7 31. Kf1 h5 32. Ke2 Kf8 33. Kd3 Ke7 34.
Kc3 Nd8 35. Ra1 Nc6 36. Rd1 Rd7 37. Bc5+ Kd8 38. Rd5 Kc8 39. Bb6 Ne7 40. Re5 Nc6
41. Re8+ Kb7 42. a5 Rd6 43. Rf8 Rf6 44. f3 Rf5 45. Re8 h4 46. h3 Rg5 47. Re2 Kc8
48. Rd2 Nxa5 49. Rd8+ Kb7 50. Bxa5 Rxa5 51. Rd7+ Kc6 52. Rxf7 Rg5 53. Kd4 Rxg2
54. Rf6+ Kb7 55. Kc5 Rg5+ 56. Kd6 Rg2 57. Rf7+ Kb6 58. c5+ Kb5 59. Rb7+ Kc4 60.
c6 Rd2+ 61. Ke6 Kc5 62. c7 Rd6+ 63. Ke7 Rc6 64. Kd7 Rd6+ 65. Kc8 1-0

[Event "TCh-CZE Liga1 Vychod"]
[Site "Czech Rep CZE"]
[Date "2012.01.29"]
[Round "7"]
[White "Vrana,F"]
[Black "Olsarova,T"]
[Result "1-0"]
[WhiteTitle "FM"]
[BlackTitle "WIM"]
[WhiteElo "2249"]
[BlackElo "2244"]
[WhiteTeam "SK Stare Mesto"]
[BlackTeam "Slavia Orlova"]
[WhiteFideId "302066"]
[BlackFideId "325449"]
[EventDate "2011.10.02"]

1. e4 e5 2. Nf3 Nc6 3. Nc3 Nf6 4. Bb5 Bb4 5. O-O O-O 6. d3 d6 7. Bg5 Bxc3 8.
bxc3 Qe7 9. Re1 Nd8 10. d4 Ne6 11. Bc1 Rd8 12. a4 c5 13. g3 Qc7 14. Bf1 d5 15.
exd5 Nxd5 16. Qd2 exd4 17. cxd4 Nf6 18. c3 b6 19. Bg2 Bb7 20. Bb2 Rac8 21. Rad1
Bc6 22. Ra1 Qb7 23. Qe2 Re8 24. Qd3 Rcd8 25. Re5 Ng4 26. Ree1 c4 27. Qd1 h5 28.
h3 Nf6 29. Re5 g6 30. Qe2 a6 31. Re1 Kg7 32. Bc1 Rh8 33. Nh4 b5 34. axb5 axb5
35. Rxe6 fxe6 36. Qc2 1-0

[Event "TCh-CZE Liga1 Vychod"]
[Site "Czech Rep CZE"]
[Date "2012.01.29"]
[Round "7"]
[White "Kubos,R"]
[Black "Vavruska,A"]
[Result "1/2-1/2"]
[WhiteElo "2227"]
[BlackElo "2137"]
[WhiteTeam "Slavia Orlova"]
[BlackTeam "SK Stare Mesto"]
[WhiteFideId "316938"]
[BlackFideId "301329"]
[EventDate "2011.10.02"]

1. c4 f5 2. Nf3 Nf6 3. g3 e6 4. Bg2 Be7 5. O-O O-O 6. Nc3 d6 7. d4 Qe8 8. Re1
Qg6 9. Qc2 a5 10. b3 Nc6 11. Bb2 Qh5 12. Rad1 e5 13. dxe5 dxe5 14. Nd5 e4 15.
Nxe7+ Nxe7 16. Bxf6 gxf6 17. Nd4 c6 18. Qd2 Ng6 19. f4 exf3 20. Bxf3 Qg5 21. e3
Re8 22. Bg2 Ne5 23. Nf3 Qg7 24. Nd4 a4 25. Qf2 Qg5 1/2-1/2

[Event "TCh-CZE Liga1 Vychod"]
[Site "Czech Rep CZE"]
[Date "2012.01.29"]
[Round "7"]
[White "Blaha,P"]
[Black "Helis,T"]
[Result "0-1"]
[BlackTitle "FM"]
[WhiteElo "2056"]
[BlackElo "2222"]
[WhiteTeam "SK Stare Mesto"]
[BlackTeam "Slavia Orlova"]
[WhiteFideId "310450"]
[BlackFideId "1103750"]
[EventDate "2011.10.02"]

1. d4 Nf6 2. Nf3 d6 3. Nbd2 Nbd7 4. e4 e5 5. Bc4 Be7 6. Bxf7+ Kxf7 7. Ng5+ Kg8
8. Ne6 Qe8 9. Nxc7 Qg6 10. Nxa8 exd4 11. Nc7 Ne5 12. Kf1 h6 13. Nb5 Nc6 14. Nf3
Nxe4 15. Nbxd4 Kh7 16. Be3 Rf8 17. Nxc6 bxc6 18. Qe1 Ba6+ 19. Kg1 Rxf3 20. Qa5
Bc8 21. h4 Rf7 22. Qc7 Bf5 23. Qxc6 Nxf2 24. h5 Qg4 25. Qe8 Nxh1 26. Qxf7 Be4
27. Qf1 Ng3 28. Qd1 Ne2+ 29. Kf1 Qxg2+ 30. Ke1 Ng1 31. Bf2 0-1

[Event "TCh-CZE Liga1 Vychod"]
[Site "Czech Rep CZE"]
[Date "2012.01.29"]
[Round "7"]
[White "Mista,A"]
[Black "Konopka,M"]
[Result "1/2-1/2"]
[WhiteTitle "GM"]
[BlackTitle "IM"]
[WhiteElo "2561"]
[BlackElo "2436"]
[WhiteTeam "TZ Trinec"]
[BlackTeam "2222 SK Polabiny B"]
[WhiteFideId "1110381"]
[BlackFideId "308633"]
[EventDate "2011.10.02"]

1. d4 d5 2. c4 e6 3. Nc3 Nf6 4. cxd5 exd5 5. Bg5 c6 6. Qc2 g6 7. Nxd5 Qxd5 8.
Bxf6 Bb4+ 9. Kd1 O-O 10. Nf3 Bf5 11. Qb3 Qxb3+ 12. axb3 Be6 13. Kc2 Bf5+ 14. Kc1
Be6 15. Kc2 Bf5+ 16. Kc1 Be6 17. Ne5 Bxb3 18. e4 Re8 19. f3 Be7 20. Bxe7 Rxe7
21. Ra3 Be6 22. Bc4 Nd7 23. Bxe6 Nxe5 24. Ba2 Nd7 25. Kd2 Nf8 26. Ke3 Rd7 27.
Rc1 a6 28. Rac3 Re8 29. g4 Kg7 30. Rd3 Ree7 31. f4 h6 32. f5 f6 33. d5 cxd5 34.
Rxd5 h5 35. h3 hxg4 36. hxg4 Nh7 37. Rc8 gxf5 38. Rg8+ Kxg8 39. Rxd7+ Kf8 40.
Rd8+ Re8 41. Rxe8+ Kxe8 42. gxf5 Ke7 43. Bd5 b6 44. Bb7 a5 45. Ba6 Ng5 46. Bc4
Kd6 47. Kf4 Nh3+ 48. Kg3 Ng5 49. Kf4 1/2-1/2

[Event "TCh-CZE Liga1 Vychod"]
[Site "Czech Rep CZE"]
[Date "2012.01.29"]
[Round "7"]
[White "Pacher,M"]
[Black "Plat,V"]
[Result "0-1"]
[WhiteTitle "IM"]
[BlackTitle "IM"]
[WhiteElo "2403"]
[BlackElo "2419"]
[WhiteTeam "2222 SK Polabiny B"]
[BlackTeam "TZ Trinec"]
[WhiteFideId "14907445"]
[BlackFideId "325740"]
[EventDate "2011.10.02"]

1. d4 Nf6 2. c4 g6 3. f3 Bg7 4. e4 e5 5. dxe5 Nh5 6. Be3 Bxe5 7. Nc3 Qh4+ 8. Bf2
Qf6 9. Nge2 Nc6 10. Qd2 d6 11. Nd5 Qd8 12. g4 Nf6 13. g5 Ng8 14. O-O-O a5 15.
Kb1 Nge7 16. h4 f5 17. f4 Bg7 18. Nf6+ Kf7 19. e5 Be6 20. exd6 Qxd6 21. Qc2 Qb4
22. Nd4 Nxd4 23. Bxd4 Rad8 24. h5 Qd6 25. Nd5 Bxd4 26. Rxd4 c6 27. Bg2 cxd5 28.
cxd5 Bd7 29. h6 Rc8 30. Qe2 Rhe8 31. Qe5 Qxe5 32. fxe5 Rcd8 33. Re1 Nc8 34. e6+
Kf8 35. Rc1 Bxe6 36. Rxc8 Bxc8 0-1

[Event "TCh-CZE Liga1 Vychod"]
[Site "Czech Rep CZE"]
[Date "2012.01.29"]
[Round "7"]
[White "Jedlicka,A"]
[Black "Walek,M"]
[Result "1-0"]
[WhiteTitle "FM"]
[BlackTitle "FM"]
[WhiteElo "2262"]
[BlackElo "2356"]
[WhiteTeam "2222 SK Polabiny B"]
[BlackTeam "TZ Trinec"]
[WhiteFideId "304824"]
[BlackFideId "301469"]
[EventDate "2011.10.02"]

1. Nf3 Nf6 2. c4 g6 3. Nc3 d5 4. cxd5 Nxd5 5. h4 h6 6. e4 Nxc3 7. bxc3 Bg7 8. d4
c5 9. Bb5+ Bd7 10. Bxd7+ Qxd7 11. Be3 Nc6 12. Rb1 Rd8 13. d5 Na5 14. Bxc5 Bxc3+
15. Kf1 b6 16. Bd4 Bxd4 17. Qxd4 O-O 18. h5 g5 19. Ne5 Qc7 20. g3 f6 21. Ng6 e5
22. Qb4 Rf7 23. Kg2 Qc4 24. Ne7+ Kh7 25. Nf5 Qxb4 26. Rxb4 Rc7 27. Rbb1 Rc4 28.
Rhc1 Rdc8 29. Rxc4 Rxc4 30. d6 Nc6 31. Rd1 b5 32. d7 Nd8 33. Nd6 Rc5 34. Ne8 Rc6
35. Kh3 Kg8 36. Kg4 b4 37. Kf5 Kf7 38. Nd6+ Kg7 39. Ne8+ Kf7 40. Rd2 a5 41. Nd6+
Ke7 42. Nc8+ Kf7 43. Na7 Rb6 44. Rc2 a4 45. Nc8 Rc6 46. Rb2 Rc7 47. Rxb4 Rxd7
48. Rxa4 Nc6 49. Nb6 Rd2 50. f3 Rf2 51. Kg4 Nd4 52. Ra7+ Ke6 53. Nc8 f5+ 54.
exf5+ Nxf5 55. Ra6+ Kd7 56. Nb6+ Kc6 57. Kxf5 Rxf3+ 58. Kg4 Rd3 59. Nc4+ Kb5 60.
Ra5+ Kxc4 61. Rxe5 Rd6 62. a4 Kd4 63. Re1 Ra6 64. Kf5 Ra5+ 65. Kg6 Ra6+ 66. Kg7
g4 67. Rf1 Ke4 68. Rf4+ Ke5 69. Rxg4 Kf5 70. Rg6 Rxa4 71. Kxh6 Ra1 72. g4+ Kf4
73. g5 Ke5 74. Rb6 1-0

[Event "TCh-CZE Liga1 Vychod"]
[Site "Czech Rep CZE"]
[Date "2012.01.29"]
[Round "7"]
[White "Nedela,V"]
[Black "Hosek,Mi"]
[Result "0-1"]
[WhiteTitle "IM"]
[BlackTitle "FM"]
[WhiteElo "2322"]
[BlackElo "2289"]
[WhiteTeam "TZ Trinec"]
[BlackTeam "2222 SK Polabiny B"]
[WhiteFideId "303259"]
[BlackFideId "304140"]
[EventDate "2011.10.02"]

1. e4 c6 2. d4 d5 3. e5 Bf5 4. Nf3 e6 5. Nc3 Nd7 6. Ne2 Ne7 7. c3 Bg4 8. Nf4 c5
9. Be2 Nc6 10. O-O Qb6 11. dxc5 Bxc5 12. b4 Be7 13. b5 Na5 14. Be3 Qc7 15. Bd4
Nc4 16. Re1 O-O 17. h3 Bf5 18. Bxc4 Qxc4 19. a4 h6 20. g4 Bh7 21. h4 Qc7 22. g5
Bf5 23. Kh2 hxg5 24. Nxg5 g6 25. Qf3 Bxg5 26. hxg5 Kg7 27. Qg3 Rh8+ 28. Kg2 Qc4
29. Qe3 Rh4 30. Rh1 Rg4+ 31. Kf3 Rh8 32. Rxh8 Kxh8 33. Rh1+ Kg8 34. Rh6 Rxg5 35.
Nh3 Be4+ 36. Kf4 Rf5+ 37. Kg4 Qf1 38. f4 Kg7 39. Qg3 0-1

[Event "TCh-CZE Liga1 Vychod"]
[Site "Czech Rep CZE"]
[Date "2012.01.29"]
[Round "7"]
[White "Mojzis,Jar"]
[Black "Sharashenidze,A"]
[Result "0-1"]
[WhiteTitle "FM"]
[BlackTitle "FM"]
[WhiteElo "2219"]
[BlackElo "2308"]
[WhiteTeam "2222 SK Polabiny B"]
[BlackTeam "TZ Trinec"]
[WhiteFideId "302325"]
[BlackFideId "13601679"]
[EventDate "2011.10.02"]

1. Nf3 d5 2. d4 c6 3. e3 Bf5 4. c4 e6 5. Nc3 Nf6 6. Be2 Nbd7 7. Nh4 Bg6 8. Nxg6
hxg6 9. Qc2 Bd6 10. Bd2 a5 11. e4 Nxe4 12. Nxe4 dxe4 13. Qxe4 Rh4 14. f4 Nf6 15.
Qf3 Bb4 16. O-O-O Qb6 17. g3 Bxd2+ 18. Rxd2 Rh8 19. h4 O-O-O 20. Qe3 Rd7 21.
Rhd1 Rhd8 22. Kb1 a4 23. Bf3 Qa5 24. Qc3 Qf5+ 25. Qc2 Kc7 26. a3 Rd6 27. Kc1 Qa5
28. Qc3 Qf5 29. Re1 Qh3 30. Qa5+ Kb8 31. Qe5 Kc8 32. d5 Qxg3 33. c5 Rxd5 34.
Bxd5 Rxd5 35. Qe3 Rxc5+ 36. Qxc5 Qxe1+ 37. Rd1 Nd7 38. Qxc6+ bxc6 39. Rxe1 Nc5
40. Kd2 Kc7 41. Kc3 Kb6 42. Kc4 Nd7 43. Rd1 Nf6 44. Rd8 Nd5 45. Rb8+ Kc7 46. Rg8
Kd6 47. Rxg7 Ke7 48. Rg8 Nxf4 49. Ra8 e5 50. Rxa4 f5 51. Ra7+ Kd6 52. b4 e4 53.
Kd4 Ne6+ 54. Ke3 Ke5 55. Ra5+ c5 56. bxc5 f4+ 57. Kd2 Kd5 58. c6+ Kxc6 59. Re5
Nc5 60. Rg5 Nb3+ 61. Ke1 Nd4 62. Rxg6+ Kd5 63. Rg5+ Ke6 64. a4 e3 65. Rg8 Kf5
66. a5 f3 67. a6 Nc2+ 0-1

[Event "TCh-CZE Liga1 Vychod"]
[Site "Czech Rep CZE"]
[Date "2012.01.29"]
[Round "7"]
[White "Sikorova,O"]
[Black "Kourek,J"]
[Result "0-1"]
[WhiteTitle "WIM"]
[WhiteElo "2276"]
[BlackElo "2136"]
[WhiteTeam "TZ Trinec"]
[BlackTeam "2222 SK Polabiny B"]
[WhiteFideId "307033"]
[BlackFideId "304107"]
[EventDate "2011.10.02"]

1. d4 Nf6 2. Nc3 d5 3. Bg5 e6 4. e4 dxe4 5. Nxe4 Be7 6. Bxf6 Bxf6 7. c3 Be7 8.
Bd3 Nd7 9. Nf3 O-O 10. h4 b6 11. Nfg5 g6 12. Qd2 Nf6 13. h5 Nxe4 14. Bxe4 Bxg5
15. Qd3 Rb8 16. hxg6 f5 17. gxh7+ Kh8 18. Bc6 Qd6 19. Rh5 Bf6 20. Qf3 e5 21. Ba4
e4 22. Qe3 Be6 23. O-O-O Bg7 24. Bb3 Bxb3 25. axb3 Rbd8 26. Qh3 Qf4+ 27. Rd2 c5
28. Qe3 Qxe3 29. fxe3 cxd4 30. cxd4 f4 31. exf4 Rxf4 32. d5 Rf1+ 33. Rd1 Bxb2+
34. Kd2 e3+ 35. Ke2 Rxd1 36. Kxd1 Ba3 37. g4 Rd7 38. Ke2 Bc5 39. b4 Bxb4 40.
Kxe3 Rxh7 41. Rf5 a5 42. Kd3 Bc5 43. Kc4 a4 44. Re5 a3 45. Re8+ Kg7 46. Kb5 Rh2 0-1

[Event "TCh-CZE Liga1 Vychod"]
[Site "Czech Rep CZE"]
[Date "2012.01.29"]
[Round "7"]
[White "Silar,Lu"]
[Black "Sikora,J"]
[Result "1/2-1/2"]
[WhiteElo "2154"]
[BlackElo "2251"]
[WhiteTeam "2222 SK Polabiny B"]
[BlackTeam "TZ Trinec"]
[WhiteFideId "308129"]
[BlackFideId "305405"]
[EventDate "2011.10.02"]

1. d4 Nf6 2. Nf3 g6 3. Nc3 b6 4. e4 Bb7 5. Bd3 Bg7 6. O-O O-O 7. Re1 d6 8. h3 e6
9. Bg5 Qc8 10. e5 dxe5 11. dxe5 Nfd7 12. Bf4 Nc6 13. Qe2 Nc5 14. Be4 Rd8 15.
Rad1 Rxd1 16. Rxd1 Qe8 17. Bg5 h6 18. Bf4 Rd8 19. Rxd8 Qxd8 20. Bxc6 Bxc6 21. b4
Na4 22. Nxa4 Bxa4 23. Kh2 Bc6 24. b5 Bb7 25. Qd2 Qxd2 26. Nxd2 g5 27. Bg3 Bf8
28. f3 Bb4 29. Ne4 Bxe4 30. fxe4 Bc5 31. h4 Kg7 32. hxg5 hxg5 33. Kh3 Kg6 34.
Kg4 Bg1 35. Be1 Bd4 36. Bg3 Bg1 37. Be1 Bd4 38. Bg3 1/2-1/2

[Event "TCh-CZE Liga1 Vychod"]
[Site "Czech Rep CZE"]
[Date "2012.01.29"]
[Round "7"]
[White "Polak,T"]
[Black "Haba,P"]
[Result "1/2-1/2"]
[WhiteTitle "GM"]
[BlackTitle "GM"]
[WhiteElo "2543"]
[BlackElo "2502"]
[WhiteTeam "SK Duras BVK Brno-Kralovo Pole"]
[BlackTeam "SK Gordic"]
[WhiteFideId "300560"]
[BlackFideId "300160"]
[EventDate "2011.10.02"]

1. d4 d6 2. Nf3 Bg4 3. e3 Nd7 4. Be2 Ngf6 5. c4 g6 6. Nc3 Bg7 7. h3 Bxf3 8. Bxf3
Rb8 9. Qd3 e5 10. g4 h5 11. gxh5 Nxh5 12. Bd2 Qf6 13. Qe2 exd4 14. Nd5 Qd8 15.
exd4+ Kf8 16. Be3 Ndf6 17. Nc3 Bh6 18. Bxh6+ Rxh6 19. O-O-O c6 20. Qd2 Kg7 21.
Rde1 Qd7 22. Qg5 Re8 23. Re3 Rhh8 24. h4 a6 25. a3 Nh7 26. Qg2 N7f6 27. Qg5 Nh7
28. Qg2 N7f6 1/2-1/2

[Event "TCh-CZE Liga1 Vychod"]
[Site "Czech Rep CZE"]
[Date "2012.01.29"]
[Round "7"]
[White "Kulovana,E"]
[Black "Rojicek,V"]
[Result "0-1"]
[WhiteTitle "WGM"]
[BlackTitle "IM"]
[WhiteElo "2300"]
[BlackElo "2406"]
[WhiteTeam "SK Gordic"]
[BlackTeam "SK Duras BVK Brno-Kralovo Pole"]
[WhiteFideId "318779"]
[BlackFideId "319902"]
[EventDate "2011.10.02"]

1. e4 c6 2. d4 d5 3. Nd2 dxe4 4. Nxe4 Bf5 5. Ng3 Bg6 6. h4 h6 7. Nf3 Nd7 8. h5
Bh7 9. Bd3 Bxd3 10. Qxd3 e6 11. Bd2 Ngf6 12. O-O-O Be7 13. Ne4 O-O 14. Nxf6+
Nxf6 15. g4 Nxg4 16. Rhg1 f5 17. Qe2 Rf7 18. Qxe6 Qd6 19. Qb3 Bf6 20. Ne5 Nxe5
21. dxe5 Qxe5 22. Bxh6 a5 23. Rde1 a4 24. Qb4 Qd5 25. Kb1 a3 26. b3 c5 27. Qd2
Qc6 28. Bf4 Rd8 29. Qe3 Re7 30. Qg3 Rxe1+ 31. Rxe1 Qd5 32. c3 c4 33. b4 Qd3+ 34.
Qxd3 Rxd3 35. Be5 Kf7 36. f4 Rh3 37. Bxf6 Kxf6 38. Rd1 Ke6 39. Re1+ Kd6 40. Rg1
Kd5 41. Rxg7 Ke4 42. Rd7 b5 43. Ra7 Kd3 44. Rxa3 Rxh5 45. Ra5 Kxc3 46. Ra3+ Kxb4
47. Rf3 Rh2 48. a3+ Ka4 49. Ka1 Rd2 50. Rh3 Rf2 0-1

[Event "TCh-CZE Liga1 Vychod"]
[Site "Czech Rep CZE"]
[Date "2012.01.29"]
[Round "7"]
[White "Skacelik,P"]
[Black "Piza,V"]
[Result "1/2-1/2"]
[BlackTitle "FM"]
[WhiteElo "2206"]
[BlackElo "2252"]
[WhiteTeam "SK Duras BVK Brno-Kralovo Pole"]
[BlackTeam "SK Gordic"]
[WhiteFideId "307904"]
[BlackFideId "300624"]
[EventDate "2011.10.02"]

1. d4 Nf6 2. c4 d6 3. Nc3 Nbd7 4. e4 e5 5. Nge2 g6 6. f3 Bg7 7. Be3 O-O 8. Qd2
a5 9. O-O-O b6 10. Bh6 Ba6 11. Bxg7 Kxg7 12. Ng3 exd4 13. Qxd4 Kg8 14. Kb1 Nc5
15. Nd5 Nxd5 16. cxd5 Bxf1 17. Nxf1 Qe7 18. Ne3 f6 19. Rhe1 a4 20. Nc2 Rfe8 21.
Nb4 Qe5 22. Qxe5 fxe5 23. Re3 Kg7 24. Rc1 Kf6 25. Rcc3 g5 26. Nc2 Ra7 27. Na3
Ra5 28. Nc4 Ra7 29. Na3 Ra5 30. Nc4 Ra6 31. Na3 1/2-1/2

[Event "TCh-CZE Liga1 Vychod"]
[Site "Czech Rep CZE"]
[Date "2012.01.29"]
[Round "7"]
[White "Haba,Z"]
[Black "Blahynka,M"]
[Result "1/2-1/2"]
[WhiteElo "2207"]
[BlackElo "2098"]
[WhiteTeam "SK Gordic"]
[BlackTeam "SK Duras BVK Brno-Kralovo Pole"]
[WhiteFideId "306118"]
[BlackFideId "334766"]
[EventDate "2011.10.02"]

1. d4 Nf6 2. c4 c5 3. d5 b5 4. cxb5 a6 5. bxa6 g6 6. Nc3 Bxa6 7. g3 d6 8. Bg2
Nbd7 9. Nf3 Bg7 10. O-O Nb6 11. Re1 O-O 12. Bf4 Nc4 13. Qc1 Qa5 14. Nd2 Nd7 15.
Nxc4 Bxc4 16. Bh6 Bxc3 17. bxc3 Rfb8 18. Bg5 f6 19. Bf4 Ra7 20. h4 Ne5 21. h5
Qc7 22. Bxe5 dxe5 23. hxg6 hxg6 24. Qh6 g5 25. Be4 e6 26. Qxf6 exd5 27. Bf5 Qg7
28. Be6+ Kh8 29. Qf3 g4 30. Qf5 Rf8 31. Qh5+ Qh7 32. Qxe5+ Rg7 33. Bxg4 Qe4 34.
Qxe4 dxe4 35. f3 Bd5 36. Red1 exf3 37. Rxd5 Rxg4 38. Kf2 fxe2+ 39. Kxe2 c4 40.
Rh1+ Kg8 41. Rhh5 Re4+ 42. Kd1 Rf1+ 43. Kc2 Ra1 44. Rhe5 Rxa2+ 45. Kb1 Rxe5 46.
Rxe5 Rg2 47. Re4 Rxg3 48. Kb2 Kf7 49. Rxc4 Ke7 50. Rd4 Rg8 51. Kc2 Rd8 52. Rh4
Kd6 53. Kb3 Kc5 54. Rh5+ Kc6 55. Kc4 Rd6 56. Kb4 Rg6 57. c4 Kb6 58. Rb5+ Kc7 59.
Ra5 Rb6+ 60. Kc3 Rg6 61. Ra7+ Kb6 62. Rh7 Kc5 63. Rh5+ Kc6 64. Rh8 Kc5 65. Rc8+
Rc6 66. Rb8 Rg6 67. Rb5+ Kc6 68. Ra5 Kb6 69. Kb4 Rg4 70. Rh5 Rg6 71. Rb5+ Kc7
72. Ra5 Rb6+ 73. Kc5 Rc6+ 74. Kd4 Rd6+ 75. Kc3 Rg6 76. Rh5 Kc6 77. Kb4 Kb6 78.
Rb5+ 1/2-1/2

[Event "TCh-CZE Liga1 Vychod"]
[Site "Czech Rep CZE"]
[Date "2012.01.29"]
[Round "7"]
[White "Nepomucky,O"]
[Black "Sedlacek,O"]
[Result "1/2-1/2"]
[BlackTitle "FM"]
[WhiteElo "2234"]
[BlackElo "2259"]
[WhiteTeam "SK Duras BVK Brno-Kralovo Pole"]
[BlackTeam "SK Gordic"]
[WhiteFideId "317543"]
[BlackFideId "305227"]
[EventDate "2011.10.02"]

1. e4 c6 2. d4 d5 3. exd5 cxd5 4. c3 Nc6 5. Nf3 Nf6 6. Bf4 Bg4 7. Qb3 Qc8 8. Ne5
Bd7 9. Nd2 g6 10. Be2 Bg7 11. O-O O-O 12. Rac1 Be6 13. Bf3 Nxe5 14. Bxe5 Qd7 15.
a3 Bh6 16. Rcd1 Rfc8 1/2-1/2

[Event "TCh-CZE Liga1 Vychod"]
[Site "Czech Rep CZE"]
[Date "2012.01.29"]
[Round "7"]
[White "Karasek,L"]
[Black "Kratochvil,K"]
[Result "1/2-1/2"]
[WhiteElo "2174"]
[BlackElo "2198"]
[WhiteTeam "SK Gordic"]
[BlackTeam "SK Duras BVK Brno-Kralovo Pole"]
[WhiteFideId "325031"]
[BlackFideId "325546"]
[EventDate "2011.10.02"]

1. e4 e5 2. Nf3 Nf6 3. Nxe5 d6 4. Nf3 Nxe4 5. Nc3 Nxc3 6. dxc3 Be7 7. Be3 Be6 8.
Qd2 Nc6 9. O-O-O O-O 10. Nd4 Nxd4 1/2-1/2

[Event "TCh-CZE Liga1 Vychod"]
[Site "Czech Rep CZE"]
[Date "2012.01.29"]
[Round "7.1"]
[White "Jurcik,Mari"]
[Black "Ponizil,C"]
[Result "1-0"]
[WhiteTitle "IM"]
[BlackTitle "FM"]
[WhiteElo "2474"]
[BlackElo "2398"]
[WhiteTeam "Sachovy klub Karvina"]
[BlackTeam "SK Zlin B"]
[WhiteFideId "14907518"]
[BlackFideId "322202"]
[EventDate "2011.10.02"]

1. d4 Nf6 2. c4 g6 3. Nc3 Bg7 4. Nf3 O-O 5. Bg5 d6 6. e3 c6 7. Be2 Nbd7 8. O-O
h6 9. Bh4 g5 10. Bg3 Nh5 11. Qc2 Nxg3 12. hxg3 e5 13. Rad1 Qe7 14. d5 f5 15.
dxc6 bxc6 16. Qd2 Rb8 17. Qxd6 Qxd6 18. Rxd6 Rxb2 19. Rxc6 e4 20. Nd4 Bxd4 21.
exd4 Rc2 22. Nd5 Bb7 23. Rg6+ Kf7 24. Rd6 Bxd5 25. Rxd7+ Kg6 26. Bd1 1-0

[Event "TCh-CZE Liga1 Vychod"]
[Site "Czech Rep CZE"]
[Date "2012.01.29"]
[Round "7.1"]
[White "Chytilek,R"]
[Black "Simacek,P"]
[Result "1/2-1/2"]
[WhiteTitle "IM"]
[BlackTitle "IM"]
[WhiteElo "2393"]
[BlackElo "2462"]
[WhiteTeam "SK Zlin B"]
[BlackTeam "Sachovy klub Karvina"]
[WhiteFideId "304980"]
[BlackFideId "307165"]
[EventDate "2011.10.02"]

1. d4 Nf6 2. Nf3 c5 3. d5 e6 4. c4 exd5 5. cxd5 d6 6. Nc3 g6 7. h3 Bg7 8. e4 O-O
9. Bg5 h6 10. Be3 Re8 11. Bd3 c4 12. Bc2 b5 13. a3 Na6 14. O-O b4 15. axb4 Nxb4
16. Rxa7 Rxa7 17. Bxa7 Bxh3 18. gxh3 Nxc2 19. Qxc2 Qd7 20. Ra1 Qxh3 21. Ne1 Re5
22. f4 Qg3+ 23. Qg2 Qxf4 24. Nf3 Re7 25. Bd4 Nxe4 26. Bxg7 Kxg7 27. Re1 Nd2 28.
Rxe7 Nxf3+ 29. Kf1 Qc1+ 30. Kf2 Nd4 31. Qe4 Qxb2+ 32. Ne2 Nxe2 33. Qxe2 Qf6+ 34.
Kg2 Qg5+ 1/2-1/2

[Event "TCh-CZE Liga1 Vychod"]
[Site "Czech Rep CZE"]
[Date "2012.01.29"]
[Round "7.3"]
[White "Jurcik,Mart"]
[Black "Roubalik,J"]
[Result "1/2-1/2"]
[WhiteTitle "FM"]
[WhiteElo "2355"]
[BlackElo "2307"]
[WhiteTeam "Sachovy klub Karvina"]
[BlackTeam "SK Zlin B"]
[WhiteFideId "14907534"]
[BlackFideId "322237"]
[EventDate "2011.10.02"]

1. e4 c5 2. Nf3 d6 3. d4 cxd4 4. Nxd4 Nf6 5. Nc3 g6 6. Bc4 Bg7 7. O-O O-O 8. Bb3
Nc6 9. Re1 Na5 10. Bg5 a6 11. Qd2 Nxb3 12. axb3 Bd7 13. Nd5 e6 14. Nxf6+ Bxf6
15. Bh6 Re8 16. Rad1 Rc8 17. c3 Qb6 18. Be3 Qa5 19. f3 Bc6 20. Ra1 Qh5 21. Nxc6
Rxc6 22. Bd4 Bxd4+ 23. Qxd4 Qc5 24. Red1 Qxd4+ 25. Rxd4 Kf8 26. Kf2 Ke7 27. Ke3
g5 28. Ra5 h6 29. b4 Rg8 30. Rd1 Rb6 31. Rh1 Kf6 32. g4 h5 33. gxh5 Rh8 34. h4 1/2-1/2

[Event "TCh-CZE Liga1 Vychod"]
[Site "Czech Rep CZE"]
[Date "2012.01.29"]
[Round "7.4"]
[White "Krcal,M"]
[Black "Zwardon,V"]
[Result "0-1"]
[WhiteElo "2130"]
[BlackElo "2297"]
[WhiteTeam "SK Zlin B"]
[BlackTeam "Sachovy klub Karvina"]
[WhiteFideId "321184"]
[BlackFideId "325511"]
[EventDate "2011.10.02"]

1. e4 c5 2. Nf3 Nc6 3. c3 d5 4. exd5 Qxd5 5. Na3 Bg4 6. Be2 e5 7. d3 Rd8 8. Qa4
Bf5 9. Nc4 Bd7 10. Qb3 f6 11. Qxb7 Rb8 12. Qa6 Nge7 13. O-O Qe6 14. Be3 Nd5 15.
Qa3 Nxe3 16. fxe3 f5 17. e4 f4 18. Qa6 Be7 19. Bd1 Nd4 20. Qxa7 Nxf3+ 21. Rxf3
O-O 22. Qc7 Bb5 23. Bb3 Kh8 24. Nxe5 c4 25. Bxc4 Bxc4 26. Nxc4 g5 27. Rf2 Rb5
28. a4 Rc8 29. Qxc8+ Qxc8 30. axb5 Bc5 31. d4 Bxd4 32. cxd4 Qxc4 33. b6 Qb3 34.
d5 Qxb6 35. Rd1 g4 36. Rd3 Qa6 37. Rfd2 Qd6 38. b4 Kg7 39. Rd4 g3 40. hxg3 fxg3
41. Kf1 Kf6 42. Ke2 Ke5 43. b5 h5 44. Kf3 Qf8+ 45. Ke3 Qa3+ 46. R4d3 Qc5+ 47.
Kf3 Qf8+ 48. Ke2 Qf2+ 49. Kd1 Qg1+ 50. Kc2 Qc5+ 51. Rc3 Qxb5 52. d6 Qa4+ 53. Rb3
Qa2+ 54. Kc3 Qa5+ 55. Rb4 Qa3+ 56. Rb3 Qc1+ 57. Rc2 Qa1+ 58. Kd2 Kxd6 59. Rxg3
Ke5 60. Re3 Qa5+ 61. Ke2 h4 62. Rd2 Qa6+ 63. Kf2 Qf6+ 64. Ke1 Qb6 65. Ke2 Qa6+
66. Rdd3 Qa2+ 67. Kf3 Qf7+ 68. Kg4 Qf2 69. Kh3 Qf1 70. Kh2 Qf2 71. Rd5+ Ke6 72.
Rf3 Qe1 73. Rd8 Qa5 74. Re8+ Kd7 75. Ref8 Qe1 76. R8f4 Ke6 77. Rg4 Ke5 78. Rf5+
Ke6 79. Rh5 Kf6 80. e5+ Kf7 81. Rgxh4 Kg6 82. e6 Qf2 83. Rh6+ Kg5 84. Rh7 Qe1
85. R7h5+ Kf6 86. Rh3 Qe2 0-1